00917cam a22002537a 4500003000500000005001700005008004100022010000900063011000900072035000900081040000900090082001800099100001900117245017800136260008500314300001100399490003900410650003500449650004400484650003500528700004000563700002100603830003900624CHAP20220817041040.0971013s1987 r 00010 d a5301 a6273 a5493 cCHAP a631.0915bA5300aAldon, Earl F. 0aEstrategias de clasificación y manejo de vegetación silvestre para la producción de alimentos en zonas áridasb: memoria del simposio... Octubre, 1987, Tucson, Ariz. aFort Collins, Colo. :bRocky Mountain Forest and Range Experiment Station,c1987 a257 p. 0aGeneral Technical Reportv; RM-15014aBotánicaxRegiones áridas.14aPlantas comestiblesxRegiones áridas.14aRegiones áridasxBotánica.0 aGonzález Vicente, Carlos Enrique.0 aMoir, William H.0 aGeneral Technical Reportv; RM-150